00854nam a2200253 i 4500001001000000003000900010005001700019007000300036008004100039040003000080041000800110082001900118100002900137245009800166264004400264300002700308336002700335337003300362338002800395500007300423700002300496700003900519710004200558000027595DO-SdBNP20260113081720.0ta110401s1976 dr 000 0 spa d aDO-SdBNPbspacBNPHUerda aspa axxxbG216e2221 aGarcía, Alcidesdautor10aEnsayos sobre el 27 de febrero /cAlcides García, Leonidas García, Vetilio Alfau Durán. aSanto Domingo :bEditora Taller,c1976. a94 páginas ;c21 cm. ardacontentbtexto2txt ardamediabsin mediación2n ardacarrierbvolumen2nc aIncluye referencias bibliográficas y notas al pie de las páginas1 aGarcía, Leonidas1 aAlfau Durán, Vetilio,d1909-19851 aSecretaría de Estado de Educación